[Event "Novokuznetsk SFO-ch U19 Girls"]
[Site "Novokuznetsk"]
[Date "2014.11.09"]
[Round "8"]
[White "Loginova, Olga"]
[Black "Koshevaya, Anna"]
[Result "1/2-1/2"]
[WhiteElo "800"]
[BlackElo "1739"]
[PlyCount "53"]
[EventDate "2014.11.02"]
[EventType "swiss"]
[EventRounds "9"]
[EventCountry "RUS"]
[SourceTitle "CBM 163 Extra"]
[Source "ChessBase"]
[SourceDate "2014.12.23"]
[SourceVersion "1"]
[SourceVersionDate "2014.12.23"]
[SourceQuality "1"]

1. e4 c5 2. Nf3 a6 3. d3 e6 4. Be2 Nc6 5. 0-0 d5 6. exd5 exd5 7. d4 c4 8. c3 b5 9. a3 Nf6 10. Bf4 Bd6 11. Bxd6 Qxd6 12. h3 0-0 13. Nbd2 Bd7 14. Nh2 Ra7 15. Ng4 Nxg4 16. Bxg4 a5 17. Bxd7 Qxd7 18. Nf3 f6 19. Re1 b4 20. Qe2 Kf7 21. Nh2 bxc3 22. bxc3 a4 23. Rab1 g6 24. Ng4 Rb8 25. Qf3 Qd6 26. Rxb8 Nxb8 27. Qe3 1/2-1/2